Tratado elemental de Sociología Cristiana (Registro nro. 303803)

Detalles MARC
000 -ENCABEZADO
Número de control [NR] 01436nam a2200253 4500
005 - FECHA Y HORA DE LA ÚLTIMA TRANSACCIÓN
control field 20160718084500.0
008 - DE LONGITUD FIJA DE DATOS DE ELEMENTOS - INFORMACIÓN GENERAL
Elementos de longitud fija [NR] 160718s1916 sp |||fr|||| 001 0 spa d
040 ## - FUENTE DE CATALOGACION [NR]
Agencia de catalogación original [NR] CO-BoUCM
Idioma de catalogación [NR] spa
Quien Cataloga Sandra Yazo
Quien Clasifica Sandra Yazo
041 0# - CODIGO DE IDIOMA [R]
Código de idioma para texto/pista de sonido o título separado [R] Español
082 04 - NUMERO DE CLASIFICACION DECIMAL DEWEY [R]
Número de la edición [NR] 20
Número de clasificación [R] 301
092 ## - SIGNATURA TOPOGRAFICA LOCAL
Número de clasificación local E40N088
100 1# - ASIENTO PRINCIPAL--NOMBRE PERSONAL [NR]
Nombre personal [NR] Llovera, José M.
Fechas asociadas con el nombre [NR] 1874-1949
ID Autoridad 78217
245 10 - MENCION DE TITULO [NR]
Título [NR] Tratado elemental de Sociología Cristiana
Mención de responsabilidad, etc. [NR] por el Dr. D. José Ma. Llovera, Pbro
260 ## - PUBLICACION, DISTRIBUCION, ETC. (PIE DE IMPRENTA) [R]
Lugar de publicación, distribución, etc. [R] Barcelona (España)
Nombre del editor, distribuidor, etc. [R] Oficina central de la Acción social Popular
-- Nicolas Poncel
Fecha de publicación, distribución, etc. [R] 1916
300 ## - DESCRIPCION FISICA [R]
Extensión [R] xi, 364 páginas
Dimensiones [R] 22 x 14 cm.
500 ## - NOTA GENERAL [R]
Nota general [NR] Detalles físicos: Encuadernación rígida en cartón forrado en tela. Tapa delantera y lomo con texto impreso en tinta negra, enmarcado en un recuadro. Guardas. Anteportada. Portada impresa en una sola tinta. Texto impreso en una sola columna, con varios tamaños de letra. Notas al pie de página. Papel con algunas manchas
505 0# - NOTA DE CONTENIDO CON FORMATO PREESTABLECIDO [R]
Nota de contenido con formato preestablecido [NR] Preliminares ; La causa eficiente del orden social ; Las causas materiales del orden social civil ; Las causas formales del orden social civil ; Las causas finales del orden social ; Sucinta idea de la cuestión social
506 ## - NOTA DE RESTRICCIONES DE ACCESO [R]
Condiciones de acceso [NR] Consulta en sala
586 ## - NOTA DE PREMIOS [R]
Nota de premios [NR] Obra laureada en el primer concurso de la Acción Social Popular
650 #7 - ASIENTO SECUNDARIO DE MATERIA - TERMINO TEMATICO [R]
9 (RLIN) 24773
Término temático o nombre geográfico como elemento de entrada [NR] Sociología cristiana
650 #7 - ASIENTO SECUNDARIO DE MATERIA - TERMINO TEMATICO [R]
9 (RLIN) 23516
Término temático o nombre geográfico como elemento de entrada [NR] Religión y sociología
690 ## - ASUNTO AGREGADO LOCAL DE ENTRADA - TÉRMINO TEMÁTICO (OCLC, RLIN)
Acceso temático local Sociología
9 (RLIN) 386
942 ## - ELEMENTOS DE ENTRADA AGREGADOS (KOHA)
Sistema de clasificación LOCAL
Tipo de ítem principal el descrito en 300a Libro
Edición 3
Clasificación E40N088
Existencias
Suprimido Perdido Sistema de clasificación Dañado No prestable Tipo de ítem específico Ubicación habitual Ubicación actual Localización Fecha de creación Forma de adquisición Costo Total préstamos Signatura topográfica Código de barras Última vez visto Ejemplar Price effective from Tipo de ítem
    LOCAL     Libro archivo Archivo Histórico Archivo Histórico Archivo histórico 18/07/2016 Donación 0.00   E40N088 L005772 18/07/2016 Ej.1 18/07/2016 Libro